000 00368nam a2200145Ia 4500
008 230917s9999||||xx |||||||||||||| ||und||
040 _e178910
_aMAIN
041 _aEnglish
082 _a005.432 F74U
100 _aForouzan, Behrouz A
245 0 _aUNIX and shell programming
260 _aNew Delhi
_bCengage Learning
_c2003
300 _axix, 875 p.
942 _cBK
999 _c157229
_d157229